000 00657nam a2200217Ii 4500
003 JO-AjNU
008 230606s9999||||xx |||||||||||||| ||und||
020 _a978-0-230-20232-0 , 978-0-23233-7
040 _aJO-AjNU
_beng
_erda
_cJO-AjNU
041 _aeng
050 1 4 _aPR 605.M63.T43 2010
100 3 _aEdited by: Middleton, Peter , Nicky Marsh,
_eauthor
_92659
245 0 0 _aTeaching Modernist Poetry
250 _a1 ed
264 3 1 _aLondon: PALGRAVE MACMILLAN, 2010
300 _a205P
336 _atext
_btxt
_2rdacontent
337 _aunmediated
_bn
_2rdamedia
338 _avolume
_bnc
_2rdacarrier
650 4 _aModernist Poetry - Teaching
_92660
999 _aE1389
_c1389
_d1389